Lead userové koncepcie na masových trhoch Poradenské listy pro výrobkové manažery a vedoucí marketingu
Práca výrobcov v oblasti politiky nových výrobkov s koncepciami tzv. lead-user - obzvlášť náročných a inováciám prístupných zákazníkov - priekopníkov (lead-user). Zapájanie lead-userov do koncepčných prototypových testov ako aj testovanie výrobkov. Schéma na realizáciu koncepcie lead-user švajčiarsk...
Salvato in:
| Natura: | Capitolo di libro |
|---|---|
| Lingua: | slovacco |
| Soggetti: | |
| Tags: |
Nessun Tag, puoi essere il primo ad aggiungerne!!
|
MARC
| LEADER | 00000naa a2200000 4500 | ||
|---|---|---|---|
| 001 | r015296 | ||
| 005 | 20221205090817.9 | ||
| 041 | 0 | |a slo | |
| 044 | |a SK | ||
| 245 | 1 | 0 | |a Lead userové koncepcie na masových trhoch |b Poradenské listy pro výrobkové manažery a vedoucí marketingu |
| 520 | |a Práca výrobcov v oblasti politiky nových výrobkov s koncepciami tzv. lead-user - obzvlášť náročných a inováciám prístupných zákazníkov - priekopníkov (lead-user). Zapájanie lead-userov do koncepčných prototypových testov ako aj testovanie výrobkov. Schéma na realizáciu koncepcie lead-user švajčiarskej firmy HILTI AG. Štyri pracovné kroky. | ||
| 610 | 2 | 0 | |a výrobky nové |
| 610 | 2 | 0 | |a inovácia |
| 610 | 2 | 0 | |a koncepcie |
| 610 | 2 | 0 | |a testy |
| 610 | 2 | 0 | |a zákazníci |
| 610 | 2 | 0 | |a HILTI AG |